Valparaíso Capital Cultural.

Saved in:
Bibliographic Details
Main Author: Madariaga Caro, Montserrat Elina (editora)
Other Authors: Cultura Puzzle (autor)
Format: Book
Language:Spanish
English
Published: Valparaíso,Chile: Ediciones Universitarias de Valparaíso, 2010.
Edition:Edición bilingüe.
Subjects:
Tags: Add Tag
No Tags, Be the first to tag this record!

MARC

LEADER 00000cam a2200000 a 4500
001 UCG4594
003 CL-VaPUC
005 20250321101908.0
008 101111t20100000CL |||||||||||||||||spa|d
999 |c 343286  |d 343284 
020 |a 9789561704688 
040 |c Pontificia Universidad Católica de Valparaíso 
041 0 7 |a spa  |2 CL-VaPUC 
041 0 7 |a eng  |2 CL-VaPUC 
082 0 4 |a 983 MAD 2013  |2 21 
100 |9 845572  |a Madariaga Caro, Montserrat Elina  |e editora 
245 1 0 |a Valparaíso Capital Cultural. 
250 |a Edición bilingüe.  
260 |a Valparaíso,Chile:  |b Ediciones Universitarias de Valparaíso,  |c 2010. 
300 |a 223 páginas ;   |b  ilustraciones.  
500 |a c.5-6 Instituto Arcos 08-01-2025 
583 |a last modification  |c 20170921 10:22:26  |k Rodrigo Vera 
650 0 |a Patrimonio cultural  |9 309364  |x Identidad cultural  |z Valparaíso (Chile) 
700 |9 895120  |a Cultura Puzzle  |e autor 
942 |c BK  |2 ddc  |n 0 
945 |d 20101111 00:00:00  |a mfarfan 
952 |0 0  |1 0  |4 0  |6 983_000000000000000_MAD_2010  |7 0  |8 C  |9 440505  |a BIBCUR  |b BIBCUR  |d 2019-11-22  |i 4735285  |o 983 MAD 2010  |p 4735285  |r 2025-04-22  |w 2019-11-22  |y BK  |k CAC 
952 |0 0  |1 0  |4 0  |6 983_000000000000000_MAD_2010  |7 0  |8 X  |9 440506  |a FDOBUD  |b FDOBUD  |d 2019-11-22  |i 4737121  |o 983 MAD 2010  |p 4737121  |r 2019-11-22  |w 2019-11-22  |y BK_X  |k BUD 
952 |0 0  |1 0  |3 erb  |4 0  |6 983_000000000000000_MAD_2010  |7 0  |8 A  |9 440507  |a BIBAGR  |b BIBAGR  |i 5425298  |o 983 MAD 2010  |p 5425298  |r 2025-01-20  |w 2019-11-22  |y BK  |z Catalogado en:20170922  |k AGR 
952 |0 0  |1 0  |2 ddc  |4 0  |6 983_000000000000000_MAD_2013  |7 0  |8 R  |9 589788  |a BIBART  |b BIBART  |d 2023-04-26  |i 5657274  |o 983 MAD 2013  |p 5657274  |r 2025-03-13  |t 3  |w 2023-04-26  |y BK_R  |k ART 
952 |0 0  |1 0  |2 ddc  |4 0  |6 983_000000000000000_MAD_2013  |7 0  |8 A  |9 596780  |a BIBGIM  |b BIBGIM  |d 2024-09-16  |i 5662726  |o 983 MAD 2013  |p 5662726  |r 2025-01-15  |t 4  |w 2024-09-16  |y BK  |k ELE 
952 |0 0  |1 0  |2 ddc  |4 0  |6 983_000000000000000_MAD_2013  |7 0  |8 A  |9 598981  |a BIBINC  |b BIBINC  |d 2025-01-08  |e Instituto Arcos  |i 5663923  |o 983 MAD 2013  |p 5663923  |r 2025-01-08  |t 6  |w 2025-01-08  |y BK  |k IFP 
952 |0 0  |1 0  |2 ddc  |4 0  |6 983_000000000000000_MAD_2013  |7 0  |8 A  |9 598993  |a BIBINC  |b BIBINC  |d 2025-01-08  |e Instituto Arcos  |i 5663918  |o 983 MAD 2013  |p 5663918  |r 2025-01-08  |t 5  |w 2025-01-08  |y BK  |k IFP